000 02118nam0a2200409 i 4500
001 RU\NLR\bibl\2077294
005 20260408110951.0
010 _a9785725326178
_9100
021 _aRU
_b2013-68277
_94676
035 _a(nilc)RuMoRGB-006638345
035 _a(NLR Aleph) 002062922
090 _a4690237
_c4690237
100 _a20130903d2013 u y0rusy50 ca
101 0 _arus
_deng
102 _aRU
105 _aa zzzz|||||
200 1 _aПроблемы развития транспорта и связи в регионе
_eматериалы Региональной научно-практической конференции, Иркутск, 27 апреля 2012 года
_f[под науч. ред. Ю. В. Гординой]
210 _aИркутск
_cИзд-во БГУЭП
_d2013
215 _a92 с.
_cил., табл.
_d21
300 _aНа обл.: Ю. В. Гордина
300 _aВ надзаг.: М-во образования и науки Российской Федерации, Байкальский гос. ун-т экономики и права
300 _aРез. ст. на англ. яз.
320 _aБиблиогр. в конце ст.
606 1 _aТранспорт
_jСъезды, совещания и т.п
_yРоссийская Федерация
_92125826
_3RU\NLR\AUTH\661283171
606 1 _aЭлектросвязь
_jСъезды, совещания и т.п
_yРоссийская Федерация
_92537648
_3RU\NLR\AUTH\661502603
686 1 _aУ37(2)я431
686 1 _aУ38(2)6я431
702 1 _aГордина
_bЮ. В.
_gЮлия Владимировна
_4340
711 1 2 _a"Проблемы развития транспорта в регионе", региональная научно-практическая конференция
_eИркутск
_f2012
_9381128
_3RU\NLR\AUTH\8810247761
801 0 _aRU
_bRuMoRKP
_c20130903
_gRCR
801 2 _aRU
_bРГБ
_c20130913
_grcr
801 1 _aRU
_bRuMoRKP
_c20130903
_2rusmarc
801 2 _aRU
_bNLR
_c20131001
_grcr
942 _cBOOK
980 _aNBR